El reality show : una perspectiva analítica de la televisión /
Guardado en:
| Hovedforfatter: | |
|---|---|
| Format: | Bog |
| Sprog: | spansk |
| Udgivet: |
Bogotá, Colombia :
Norma,
2003, c2003
|
| Serier: | (Enciclopedia Latinoamericana de Sociocultura y Comunicación ;
23) |
| Fag: | |
| Tags: |
Ingen Tags, Vær først til at tagge denne postø!
|
MARC
| LEADER | 00000nam^a2200000^a^4500 | ||
|---|---|---|---|
| 001 | 000310958 | ||
| 005 | 20250521000000.0 | ||
| 009 | 20260310113031.602 | ||
| 020 | |a 958-04-7304-8 | ||
| 037 | |a Acervo ITESO - Biblioteca | ||
| 041 | |a ESP | ||
| 082 | |a 302. 23 |b ENC V. 23 | ||
| 100 | |a Andacht, Fernando |e (autor) | ||
| 245 | 1 | 3 | |a El reality show : |b una perspectiva analítica de la televisión / |c F. Andacht. |
| 264 | 4 | |a Bogotá, Colombia : |b Norma, |c 2003, c2003 | |
| 300 | |a 139 p. | ||
| 336 | |a texto |b txt |2 rdacontenido | ||
| 337 | |a sin mediación |b n |2 rdamedio | ||
| 338 | |a volumen |b nc |2 rdasoporte | ||
| 440 | 1 | |a (Enciclopedia Latinoamericana de Sociocultura y Comunicación ; |v 23) | |
| 649 | |a XX | ||
| 650 | |a Reality Shows - |x Tema Principal | ||
| 650 | |a Reality Shows - |z Argentina | ||
| 650 | |a Programas de Concursos - |z Argentina | ||
| 650 | |a Géneros Televisivos - |z Argentina | ||
| 650 | |a Televisión - |z Argentina | ||
| 650 | |a Medios Audiovisuales - |z Argentina | ||
| 650 | |a Medios de Comunicación - |z Argentina | ||
| 650 | |a Comunicación Masiva - |z Argentina | ||
| 650 | |a Derecho a la Intimidad - |z Argentina | ||
| 650 | |a Semiótica y Comunicación | ||
| 650 | |a Sociología de la Comunicación | ||
| 910 | |a Fondo General | ||
| 920 | |a Impresos - Libros | ||
| 930 | |a Colección General | ||
| 905 | |a 101 | ||
| 901 | |a 0500197898 |b IT1 |c ACC |i D55648 |u 20250521 | ||
| 902 | |a https://opac.biblio.iteso.mx/vufind/Record/000310958 | ||